| 000 | 00648cam a22002171 4500 | ||
|---|---|---|---|
| 001 | sa 64008177 | ||
| 003 | DLC | ||
| 005 | 20260227112052.0 | ||
| 008 | 720919s1964 pk abf 000 0 eng | ||
| 010 | _asa 64008177 | ||
| 015 | _aGB65-4310 | ||
| 035 | _a(OCoLC)409009 | ||
| 040 |
_aDLC _cODaWU _dOCoLC _dUk _dDLC |
||
| 042 | _apremarc | ||
| 050 | 0 | 0 |
_aDS377 _b.A6 |
| 100 | 1 |
_aAhmad, Kazi Said Uddin, _d1904- |
|
| 245 | 1 | 2 |
_aA geography of Pakistan _c[by] Kazi S. Ahmad. |
| 260 |
_aKarachi, _bPakistan Branch, Oxford University Press, _c1964. |
||
| 300 |
_avi, 216 p. _billus., maps, plates. _c19 cm. |
||
| 651 | 0 |
_aPakistan _xDescription and travel. |
|
| 999 |
_c60729 _d60729 |
||